000 00562cab a2200205 4500
001 ABS41343
008 090401t1989 xxu||||| |||| 00| 0 eng d
035 _a(Sirsi) u29639
041 _aeng
100 _aRussell, L.
245 _aShergar and ice
260 _c1989
350 _a0
490 _aNew Civil Engineer
_v(861) 7 September 1989, 36-38(2)
520 _aDescribes the construction of an all-weather racecourse at Lingfield Park , Surrey .
650 _aSPORTS FACILITIES
690 _aBUILT ENVIRONMENT
942 _n0
948 _c04/03/1997
999 _c19944
_d19944